| 000 | 00363cam a2200145ua 4500 | ||
|---|---|---|---|
| 041 |
_aeng _h |
||
| 082 |
_a636.089 _bWES/AN |
||
| 100 | _aWest, Geoffrey P . | ||
| 245 |
_aAnimal first aid / _cGeoffrey West P. _hTextual Documents |
||
| 260 |
_aLondon : _bAdam and Charles Black , _c1956. |
||
| 300 | _a135 ; . | ||
| 504 | _a | ||
| 942 | _cBK | ||
| 999 |
_c8565 _d8565 |
||